Nenne 100. F1-Piloten - Statistiken

Allgemein
  • Dieses Quiz wurde 101 mal gespielt
  • Das Durchschnittsergebnis liegt bei 37 aus 100
Antwortstatistiken
Hint Antwort % Korrekt
001. Michael Schumacher Deutschland
98%
002. Sebastian Vettel Deutschland
91%
006. Max Verstappen Niederlande
87%
003. Lewis Hamilton Großbritannien
86%
005. Fernando Alonso Spanien
84%
007. Charles Leclerc Monaco
83%
004. Kimi Raikkönen Finnland
79%
008. Lando Norris Großbritannien
74%
037. Nico Rosberg Deutschland
73%
010. Carlos Sainz Spanien
71%
009. Oscar Piastri Australien
70%
033. Niki Lauda Österreich
69%
058. Ralf Schumacher Deutschland
69%
012. Yuki Tsunoda Japan
67%
016. Pierre Gasly Frankreich
65%
023. Nico Hülkenberg Deutschland
64%
027. Ayrton Senna Brasilien
63%
015. Lance Stroll Kanada
63%
014. Kimi Antonelli Italien
60%
039. Mika Häkkinen Finnland
60%
065. Daniel Ricciardo Australien
59%
013. George Russell Großbritannien
59%
011. Alexander Albon Thailand
58%
019. Esteban Ocon Frankreich
58%
077. Valtteri Bottas Finnland
58%
038. Jenson Button Großbritannien
52%
036. Alain Prost Frankreich
50%
026. Felipe Massa Brasilien
50%
066. Mark Webber Australien
50%
022. Liam Lawson Neuseeland
48%
089. Sergio Perez Mexiko
47%
040. Damon Hill Großbritannien
45%
076. Mick Schumacher Deutschland
44%
017. Franco Colapinto Argentinien
43%
034. Jochen Rindt Österreich
43%
029. Nelson Piquet Brasilien
43%
025. Rubens Barrichello Brasilien
41%
098. Jos Verstappen Niederlande
40%
045. James Hunt Großbritannien
38%
020. Oliver Bearman Großbritannien
38%
024. Gabriel Bortoleto Brasilien
37%
032. Jacques Villeneuve Kanada
37%
030. Juan Manuel Fangio Argentinien
37%
046. Jackie Stewart Großbritannien
36%
056. Robert Kubica Polen
36%
028. Emerson Fittipaldi Brasilien
35%
048. Graham Hill Großbritannien
35%
021. Isack Hadjar Frankreich
34%
054. Alberto Ascari Italien
33%
018. Jack Doohan Australien
33%
072. Kevin Magnussen Dänemark
33%
049. Phil Hill USA
33%
061. Timo Glock Deutschland
33%
031. Gilles Villeneuve Kanada
31%
057. Juan Pablo Montoya Kolumbien
31%
069. David Coulthard Großbritannien
30%
035. Gerhard Berger Österreich
30%
041. Nigel Mansell Großbritannien
30%
071. Heinz-Harald Frentzen Deutschland
29%
075. Pastor Maldonado Venezuela
29%
063. Adrian Sutil Deutschland
28%
042. Jody Scheckter Südafrika
28%
043. Mario Andretti USA
27%
062. Nick Heidfeld Deutschland
27%
060. Jarno Trulli Italien
24%
044. Alan Jones Australien
23%
047. Jack Brabham Australien
23%
059. Giancarlo Fisichella Italien
22%
055. Giuseppe Farina Italien
22%
099. Romain Grosjean Frankreich
22%
078. Guanyu Zhou China
21%
052. Jim Clark Großbritannien
20%
050. John Surtees Großbritannien
20%
064. Kamui Kobayashi Japan
19%
053. Mike Hawthorn Großbritanien
19%
068. Eddie Irvine Großbritannien
17%
084. Jean Alesi Frankreich
16%
067. Bruce McLaren Neuseeland
15%
083. Heikki Kovalainen Finnland
15%
079. Daniel Kvyat Russland
14%
086. Mika Salo Finnland
12%
082. Sebastian Buemi Schweiz
12%
090. Carlos Reutemann Argentinien
9%
051. Danny Hulme Neuseeland
9%
100. Esteban Gutierrez Mexiko
9%
096. Jules Bianchi Frankreich
9%
085. Olivier Panis Frankreich
9%
091. Ronnie Peterson Schweden
9%
070. Stirling Moss Großbritannien
9%
080. Vitaly Petrov Russland
9%
088. Alexander Wurz Österreich
8%
081. Pedro de la Rosa Spanien
6%
095. Riccardo Patrese Italien
6%
087. Christian Klien Österreich
5%
074. Paul di Resta Großbritannien
5%
073. Didier Pironi Frankreich
3%
093. Carlos Pace Brasilien
2%
092. Vitantonio Liuzzi Italien
2%
097. Jolyon Palmer Großbritannien
1%
094. Jorge Gonzalez Argentinien
1%
Keine übereinstimmenden Quizze gefunden
Verteilung der Resultate
Anzahl Personen mit jedem Resultat
Perzentil nach korrekt beantworteten Fragen
Ihre Resultats-Entwicklung
Sie haben dieses Quiz noch nicht gespielt